Movies Quiz

Random Movies or Cast Quiz

Jackie Brown Cast Quiz Stats

 Plays Quiz not verified by Sporcle

Challenge
Share
Tweet
Embed
Score 0/12 Timer 10:00
0 Plays Today
Character Actor/Actress % Correct
Ordell RobbieSamuel L. Jackson
100%
Jackie BrownPam Grier
97.6%
Ray NicoletteMichael Keaton
88.1%
Louis GaraRobert De Niro
85.7%
Melanie RalstonBridget Fonda
81%
Beaumont LivingstonChris Tucker
69%
Max CherryRobert Forster
64.3%
Voice on Answering MachineQuentin Tarantino
61.9%
Mark DargusMichael Bowen
40.5%
WinstonTommy 'Tiny' Lister
26.2%
JudgeSid Haig
26.2%
SherondaLisaGay Hamilton
19%

You're not logged in!

Compare scores with friends on all Sporcle quizzes.
Join for Free
OR
Log In

You Might Also Like...

Show Comments

Extras

Top Quizzes Today


Score Distribution

Your Account Isn't Verified!

In order to create a playlist on Sporcle, you need to verify the email address you used during registration. Go to your Sporcle Settings to finish the process.

Report this User

Report this user for behavior that violates our Community Guidelines.

Details: